Statistics for Random Assassin's Creed Knowledge

Click here to take the quiz!

General Stats

  • This quiz has been taken 22 times
  • The average score is 45 of 148

Answer Stats

Answer% Correct
Assassin's Creed IV: Black Flag
92%
Connor Kenway
92%
Edward Kenway
92%
Ezio Auditore da Firenze
92%
Altaïr Ibn-La'Ahad
83%
Evie Frye
83%
Jacob Frye
83%
Assassin's Creed
75%
Assassin's Creed II
75%
Assassin's Creed Odyssey
75%
Assassin's Creed Origins
75%
Assassin's Creed Valhalla
75%
Aveline de Grandpré
75%
Eivor/Odin
75%
Haytham Kenway
75%
Adéwalé
67%
Arno Dorian
67%
Assassin's Creed III
67%
Assassin's Creed: Revelations
67%
Assassin's Creed Rogue
67%
Assassin's Creed Syndicate
67%
Assassin's Creed Unity
67%
Bayek of Siwa
67%
Boston
67%
Italy
67%
Kassandra
67%
Alexios
58%
Al Mualim
58%
Assassin's Creed: Brotherhood
58%
Basim Ibn Ishaq
58%
London
58%
New York
58%
Canada
50%
Constantinople
50%
Cuba
50%
Giovanni Auditore
50%
Havana
50%
Nassau
50%
Norway
50%
Rome
50%
United Kingdom
50%
United States
50%
Aya of Alexandria
42%
Claudia Auditore
42%
Egypt
42%
Jamaica
42%
Kingston
42%
Maria Auditore
42%
Mario Auditore
42%
Paris
42%
Petruccio Auditore
42%
Shay Patrick Cormack
42%
The Bahamas
42%
Anne Bonny
33%
Assassin's Creed Chronicles: China
33%
Assassin's Creed Chronicles: India
33%
Assassin's Creed Chronicles: Russia
33%
Assassin's Creed IV: Freedom Cry
33%
Damascus
33%
Desmond Miles
33%
Florence
33%
France
33%
Greece
33%
Haiti
33%
Iraq
33%
Ireland
33%
Israel
33%
Jerusalem
33%
Mexico
33%
Syria
33%
Turkey
33%
Acre
25%
Assassin's Creed: Dead Kings
25%
Assassin's Creed III: Tyranny of King Washington
25%
Baghdad
25%
Benjamin Hornigold
25%
Frederico Auditore
25%
Layla Hassan
25%
Lydia Frye
25%
Mary Read
25%
Robert de Sablé
25%
Venice
25%
Achilles Davenport
17%
Assassin's Creed Identity
17%
Assassin's Creed Odyssey: Legacy of the First Blade
17%
Assassin's Creed Valhalla: The Siege of Paris
17%
Charles Vane
17%
Edward Teach
17%
Jack Rackham
17%
Jack the Ripper
17%
Masyaf
17%
Monteriggioni
17%
Abu'I Nuqoud
8%
Apples
8%
Assassin's Creed: Altaïr's Chronicles
8%
Assassin's Creed: Bloodlines
8%
Assassin's Creed III: Liberation
8%
Assassin's Creed Odyssey: The Fate of Atlantis
8%
Assassin's Creed Origins: Curse of the Pharaohs
8%
Assassin's Creed Origins: Hidden Ones
8%
Assassin's Creed Valhalla: Wrath of the Druids
8%
Forlì
8%
Garnier de Naplouse
8%
Hope Jensen
8%
Jubair al Hakim
8%
Kesegowaase
8%
Lebanon
8%
Le Chasseur
8%
Limassol
8%
Louis-Joseph Gaultier
8%
Majd Addin
8%
New Orleans
8%
Port-au-Prince
8%
Sibrand
8%
Swords
8%
Talal
8%
Tamir
8%
William of Montferrat
8%
Alep/Aleppo
0%
Assassin's Creed: Pirates
0%
Assassin's Creed Rebellion
0%
Assassin's Creed Valhalla: Dawn of Ragnarök
0%
Cabo de Cruz
0%
Castillo de Jagua
0%
Charlotte
0%
Chinchorro
0%
Conttoyor
0%
Cyprus
0%
Dry Tortuga
0%
East Village
0%
Eleuthera
0%
Gibara
0%
Greenwich
0%
King's Farm
0%
Kyrenia
0%
Liam O'Brien
0%
Lower Manhattan
0%
Navassa
0%
Punta Guarico
0%
Rings
0%
Serranilla
0%
Shrouds
0%
Spears
0%
Staves
0%
Stede Bonnet
0%
Stuyvesant's Farm
0%
Tyre
0%
Waterfront
0%

Score Distribution

Percentile by Number Answered

Percent of People with Each Score

Your Score History

You have not taken this quiz